000 00593nam a2200205Ia 4500
999 _c51558
_d51558
003 GCL
005 20240530104908.0
008 140319s9999 xx 000 0 ara d
040 _aGCL /
_cGCL
082 0 4 _a070.44
_bم ص
100 1 _aمكرم محمد احمد
245 1 0 _aالصحفيون /
_cمكرم محمد احمد
300 _a176 ص
490 _aالهيئة العامة للاستعلامات
_v0
650 0 4 _aالصحافة
650 0 4 _aالصحافة العربية
650 0 4 _aالصحفيون
650 0 4 _aالمقابلات الصحفية
942 _2ddc
_cBK